Trouvez les Pokémon fusionnés - Statistiques

Statistiques générales
  • Ce quiz a été pris 13 fois
  • Le résultat moyen est 26 sur 32
Statistiques - réponses
Par images Réponse % Correct
Kadabra
100%
Kapoera
100%
Lokhlass
100%
Malosse
100%
Axoloto
92%
Doduo
92%
Foretress
92%
Héricendre
92%
Leveinard
92%
Luxio
92%
Nidoran F
92%
Rattata
92%
Chenipan
85%
Élecsprint
85%
Galegon
85%
Héliatronc
85%
Pyroli
85%
Stalgamin
85%
Escroco
77%
Galifeu
77%
Galopa
77%
Plumeline (Flamenco)
77%
Roussil
77%
Simularbre
77%
Kirlia
69%
Nidoking
69%
Riolu
69%
Braisillon
62%
Okéoké
62%
Salamèche
62%
Drattak
54%
Camérupt
38%
Aucun quiz correspondant
Distribution des résultats
% des personnes avec chaque résultat
Percentile par nombre de réponses
Votre historique - résultats
Vous n’avez pas pris ce quiz